LEADER 03342nam 2200637 a 450 001 9910465688503321 005 20200520144314.0 010 $a1-78170-262-4 010 $a1-84779-429-7 035 $a(CKB)2560000000085690 035 $a(EBL)1069673 035 $a(OCoLC)818847450 035 $a(SSID)ssj0000712754 035 $a(PQKBManifestationID)12259063 035 $a(PQKBTitleCode)TC0000712754 035 $a(PQKBWorkID)10651416 035 $a(PQKB)11270361 035 $a(StDuBDS)EDZ0000086959 035 $a(MiAaPQ)EBC1069673 035 $a(OCoLC)1063725685 035 $a(MdBmJHUP)muse78064 035 $a(Au-PeEL)EBL1069673 035 $a(CaPaEBR)ebr10623252 035 $a(CaONFJC)MIL843542 035 $a(EXLCZ)992560000000085690 100 $a20120910d2012 uy 0 101 0 $aeng 135 $aur|n|---||||| 181 $ctxt 182 $cc 183 $acr 200 10$aDoubting sex$b[electronic resource] $einscriptions, bodies and selves in nineteenth-century hermaphrodite case histories /$fGeertje Mak 210 $aManchester ;$aNew York $cManchester University Press$d2012 215 $a1 online resource (297 p.) 300 $aDescription based upon print version of record. 311 $a0-7190-8997-2 311 $a0-7190-8690-6 320 $aIncludes bibliographical references and index. 327 $aIntroduction -- Inscription. Secrecy and disclosure: politics of containment -- Early sex reassignments and the absence of a sex of self -- Herculine Barbin -- Body. How to get the semen to the neck of the womb -- Justine Jumas: conflicting body politics -- The dislodgement of the person -- Self. Sex assignment around 1900: from a legal to a clinical issue -- The turn inwards -- Scripting the self: N. O. Body's autobiography -- Conclusion. 330 $a"An adolescent girl is mocked when she takes a bath with her peers, because her genitals look like those of a boy. A couple visits a doctor asking to 'create more space' in the woman for intercourse. A doctor finds testicular tissue in a woman with appendicitis, and decides to keep his findings quiet. These are just a few of the three hundred European case histories of people whose sex was doubted during the long nineteenth century that Geertje Mak draws upon in her remarkable new book. How did people deal with such situations? How did they decide to which sex a person should belong? This groundbreaking analysis of clinical case histories shows how sex changed from an outward appearance inscribed in a social body to something to be found deep inside body and self. A fascinating, easy to follow, yet sophisticated argument addressing major issues of the history of body, sex, and self, this volume will fit advanced undergraduate courses, while challenging specialists."--Publisher's website. 606 $aIntersexuality$xHistory 606 $aGender identity$xHistory 606 $aSex role$xHistory 608 $aElectronic books. 615 0$aIntersexuality$xHistory. 615 0$aGender identity$xHistory. 615 0$aSex role$xHistory. 676 $a616.694 700 $aMak$b Geertje$01047800 801 0$bMiAaPQ 801 1$bMiAaPQ 801 2$bMiAaPQ 906 $aBOOK 912 $a9910465688503321 996 $aDoubting sex$92475651 997 $aUNINA LEADER 00865nam a2200241 i 4500 001 991001539929707536 005 20020503122726.0 008 000601s1977 it ||| | ita 035 $ab10235383-39ule_inst 035 $aLE01279730$9ExL 040 $aDip.to Lingue$bita 100 1 $aLabov, William$0157037 245 13$aIl continuo e il discreto nel linguaggio /$cWilliam Labov 260 $aBologna :$bIl Mulino,$cc1977 300 $a202 p. ;$c22 cm. 500 $aIncludes bibliographical references 650 4$aLinguaggio$xSaggi 907 $a.b10235383$b21-09-06$c27-06-02 912 $a991001539929707536 945 $aLE012 410.8 LAB$g1$i2012000019690$lle012$o-$pE0.00$q-$rl$s- $t0$u1$v0$w1$x0$y.i10285313$z27-06-02 996 $aContinuo e il discreto nel linguaggio$9133332 997 $aUNISALENTO 998 $ale012$b01-01-00$cm$da $e-$fita$git $h3$i1 LEADER 02393nas 2200577- 450 001 9910140324103321 005 20230713160417.0 011 $a1757-9872 035 $a(DE-599)ZDB2554257-6 035 $a(OCoLC)654344287 035 $a(CKB)2610000000000123 035 $a(CONSER)--2017208403 035 $a(EXLCZ)992610000000000123 100 $a20100506a20109999 s-- a 101 0 $aeng 135 $aur||||||||||| 181 $ctxt$2rdacontent 182 $cc$2rdamedia 183 $acr$2rdacarrier 200 10$aInternational journal of structural integrity 210 1$aBingley, England :$cEmerald Group Publishing,$d2010- 311 $a1757-9864 330 3 $aCoverage includes but is not limited to: * Durability of Metallic and Composite Structures * Design and structural assessment of Metallic and Composite Structures * Advances in Fracture Analysis * Environmental Effects and Structural Performance * Examination of computational codes for Stress Analysis and Damage Tolerance * Structural Performance evaluation of Metals, Composites, Hybrids and Polymers * Repair technologies * Surface Engineering and Structural Performance * Coating Technology and Structural Performance * Structural Ageing * Nanomechanics and nanomaterials * Evaluation of Joining Technologies * Durability of Electronic Materials * Scale Effects and Determination * Probabilistic Approach to Damage Tolerance 606 $aStructural engineering$xResearch$vPeriodicals 606 $aStructural engineering$xResearch$2fast$3(OCoLC)fst01135671 608 $aPeriodicals.$2fast 610 00$aengineering 610 00$astructuren 610 00$astructures 610 00$atolerantie 610 00$atolerance 610 00$atechnologie 610 00$atechnology 610 00$amaterialen 610 00$amaterials 610 00$aconstructieonderdelen 610 00$astructural components 610 00$asterkte testen 610 00$astrength testing 610 00$astresstolerantie 610 00$astress tolerance 610 10$aEngineering (General) 610 10$aTechniek (algemeen) 615 0$aStructural engineering$xResearch 615 7$aStructural engineering$xResearch. 676 $a620.11205 712 02$aEmerald (Firm), 906 $aJOURNAL 912 $a9910140324103321 996 $aInternational journal of structural integrity$91756346 997 $aUNINA